000 00465nam a22001810a 4500
001 PT34007
003 AR-LpoUNG
005 20210131230142.0
008 191001suuuu||||ag |||||||||||||||||spa d
040 _aAR-LpoUNG
_bspa
_cAR-LpoUNG
_eaacr
041 _aspa
082 0 _a982.064 837mas
245 1 0 _aMassera :
_bel genocida
260 _as.l.
_bPágina 12,
_cs.f.
710 2 _aAsociación Madres de Plaza de Mayo (Buenos Aires)
905 _a34007
942 _cLIB
999 _c1747
_d1747